000 00715nam a2200253Ia 4500
003 OSt
005 20221005115055.0
006 a|||||r|||| 00| 0
007 ta
008 221004b |||||||| |||| 00| 0 guj d
024 _a40905
037 _cTextual
040 _aCRL
_cCRL
_bguj
041 _2guj
_aguj
082 _aO156,3M80,1, G4.1
100 _aVisnalji Thakur Naryan Au.
_9627072
245 0 _aBismi sadini vasant sena or ek vilashan viragani veer garjana
260 _c1934
300 _a488p.
_ccm.
650 _a GUJRATI LITERATURE
650 _aGUJRATI FICTION
942 _hO156,3M80,1, G4.1
_cTEXL
_2cc
999 _c1033344
_d1033344